000 00616cam a2200169 4500500
005 20260322014209.0
041 _afre
042 _adc
100 1 0 _aGuillard, Chantal
_eauthor
700 1 0 _aKartheuser, BenoƮt
_eauthor
700 1 0 _aLacombe, Sylvie
_eauthor
245 0 0 _aPhotocatalysis: water and air pollution control and self-cleaning materials
260 _c2026.
500 _a62
786 0 _nUnit operations. Chemical reaction engineering | - | 2026-03-05 | p. 16-16
856 4 1 _uhttps://stm.cairn.info/catalysis-and-catalytic-processes--bdti42325210-j1270-page-16?lang=en&redirect-ssocas=7080
999 _c1787148
_d1787148